000 00676nam a2200193 i 4500
001 141372
003 ES-MaACL
005 20230906200300.0
007 t|
008 070921s1957 sp ||||1| spa d
080 _a351.778.5(46)
245 0 0 _aViviendas de renta limitada
_b: (disposiciones hasta febrero 1957).
260 _aMadrid :
_bAfrodisio Aguado,
_c[1957]
300 _aXIII, 567 p. ;
_c17 cm.
594 _aPrecede al tít.: Ministerio de la Vivienda. Instituto Nacional de la Vivienda.
650 4 _aViviendas de protección oficial-
_xDerecho-
_zEspaña.
_9166015
710 2 _aInstituto Nacional de la Vivienda (España)
_95174
852 4 _aES-MaACL
_jC-14008
999 _c141372
_d141372